LEADER 00962nam0-2200301 --450 001 9911002190303321 005 20250529113303.0 010 $a978-88-7524-608-2 100 $a20250529d2025----kmuy0itay5050 ba 101 0 $aita 102 $aIT 105 $a 001yy 200 1 $aCommentario al Codice dei contratti pubblici$fa cura di Marcello Clarich$gcon la collaborazione di Gianfrancesco Fidone e Giuliano Fonderico 205 $a3. ed 210 $aTorino$cGiappichelli$dİ2025 215 $aXLVI, 1998 p.$d25 cm 225 1 $a<>nuove leggi amministrative$v5 676 $a346.4502302638$v23$zita 702 1$aClarich,$bMarcello$f<1957-> 702 1$aFidone,$bGianfrancesco 702 1$aFonderico,$bGiuliano 801 0$aIT$bUNINA$gREICAT$2UNIMARC 901 $aBK 912 $a9911002190303321 952 $aVI Z 334$b2025/896$fFGBC 959 $aFGBC 996 $aCommentario al codice dei contratti pubblici$9771173 997 $aUNINA